| 000 | 00565nam a2200157 a 4500 | ||
|---|---|---|---|
| 008 | 120416s1999 ||||||||||||||||| || u | ||
| 020 | _a0859545008 | ||
| 050 | _aHD 75.6 Nat | ||
| 110 | _aNatural Resources Institute | ||
| 245 | 1 | 0 | _aDecision tools for sustainable development |
| 260 |
_aLondon _bDFID _c1999 |
||
| 350 | _a0.00 | ||
| 650 | _aSUSTAINABLE DEVELOPMENT--ARAB REGION | ||
| 650 | 0 | _aMANAGEMENT | |
| 995 |
_D0.00 _FCBU-MAIN LIBRARY (Kitwe) _H1 _I18.00 _M1 _UAVAILABLE _ZMain Library Open Access Collection |
||
| 999 |
_c39529 _d39529 |
||